عرض عادي
عرض مارك
- مهارات التدريس
دخول Topical Term
001 - CONTROL NUMBER
- control field: 29284
003 - CONTROL NUMBER IDENTIFIER
- control field: AE-AdECS
005 - DATE AND TIME OF LATEST TRANSACTION
- control field: 20260424095304.0
008 - FIXED-LENGTH DATA ELEMENTS
- fixed length control field: 260424|| aca||aabn | a|a d
040 ## - CATALOGING SOURCE
- Original cataloging agency: AE-AdECS
- Transcribing agency: AE-AdECS
150 ## - HEADING--TOPICAL TERM
- Topical term or geographic name entry element: مهارات التدريس
- General subdivision: والتحفيز
670 ## - SOURCE DATA FOUND
- Source citation: Work cat.: (AE-AdECS)294914: الغامدي، رسمية بنت علي آل ردهان مؤلفة. 29279, الحوافز في بيئة التعلم :
